Ethical facets of governance / (Record no. 102477)

MARC details
000 -LEADER
fixed length control field 00965nam a22002297a 4500
005 - DATE AND TIME OF LATEST TRANSACTION
control field 20230301122122.0
010 ## - LCCN (DPL NO)
LC control number 1617EN ENG-116722 ENG-136262
020 ## - INTERNATIONAL STANDARD BOOK NUMBER
International Standard Book Number 9788184846003
Terms of availability 1280.00
035 ## - SYSTEM CONTROL NUMBER
System control number B-651979-984
035 ## - SYSTEM CONTROL NUMBER
System control number B-666214
035 ## - SYSTEM CONTROL NUMBER
System control number EN-100254 EN-119794
037 ## - SOURCE OF ACQUISITION
Source of stock number/acquisition Pragati
082 ## - DEWEY DECIMAL CLASSIFICATION NUMBER
Classification number 172.0954
245 ## - TITLE STATEMENT
Title Ethical facets of governance /
Statement of responsibility, etc ed by Renu Kapila
260 ## - PUBLICATION, DISTRIBUTION, ETC. (IMPRINT)
Place of publication, distribution, etc New Delhi
Name of publisher, distributor, etc Regal Pub
Date of publication, distribution, etc 2016
270 ## - ADDRESS
Address F-159, Rajouri Garden
City New Delhi
Postal code 110027
300 ## - PHYSICAL DESCRIPTION
Extent xvi,268p.
Other physical details 22cm(HB)
Dimensions ill.
700 ## - ADDED ENTRY--PERSONAL NAME
Personal name Renu Kapila
942 ## - ADDED ENTRY ELEMENTS (KOHA)
Source of classification or shelving scheme Dewey Decimal Classification
Item type English Books
Classification part 172.0954
Call number suffix ETH
Holdings
Withdrawn status Lost status Not for loan Collection code Home library Current library Date acquired Source of acquisition Cost, normal purchase price Full call number Barcode Copy number Cost, replacement price Koha item type
      Non-fiction Ashok Vihar Ashok Vihar 19/07/2017 BPPD/EN/2016-17/AV/2016-17/466/15.02.2017/567/28.02.2017/10.03.17 1280.00 172.0954 ETH B-666214 1 1280.00 English Books
    Not For Loan Non-fiction D.B.Act.Division Bawana 30/11/2016 DBAD/PUB 1280.00 172.0954 ETH EN-100254 1 1280.00 English Books
      Non-fiction Central Library Central Library 14/02/2017 BPPD/EN/2016-17/300/24.11.2016/IN341/2.12.2017/4.1.2017 1280.00 172.0954 ETH B-651979 1 1280.00 English Books
      Non-fiction Janak Puri Janak Puri 14/02/2017 BPPD/EN/2016-17/300/24.11.2016/IN341/2.12.2017/4.1.2017 1280.00 172.0954 ETH B-651982 1 1280.00 English Books
      Non-fiction Kasturba Gandhi Marg Kasturba Gandhi Marg 14/02/2017 BPPD/EN/2016-17/300/24.11.2016/IN341/2.12.2017/4.1.2017 1280.00 172.0954 ETH B-651981 1 1280.00 English Books
      Non-fiction Katevara Katevara 28/02/2023 DBAD/PUB 1280.00 172.0954 ETH EN-119794 1 1280.00 English Books
      Non-fiction Patel Nagar Patel Nagar 14/02/2017 BPPD/EN/2016-17/300/24.11.2016/IN341/2.12.2017/4.1.2017 1280.00 172.0954 ETH B-651980 1 1280.00 English Books
      Non-fiction Shahdara Branch Shahdara Branch 14/02/2017 BPPD/EN/2016-17/300/24.11.2016/IN341/2.12.2017/4.1.2017 1280.00 172.0954 ETH B-651983 1 1280.00 English Books
      Non-fiction Yojana Vihar Yojana Vihar 14/02/2017 BPPD/EN/2016-17/300/24.11.2016/IN341/2.12.2017/4.1.2017 1280.00 172.0954 ETH B-651984 1 1280.00 English Books

© Delhi Public Library
Hit Counter
free hit counter